| 000 | 00427nam a22001817a 4500 | ||
|---|---|---|---|
| 003 | CEME | ||
| 005 | 20210628203951.0 | ||
| 008 | 210315b xxu||||| |||| 00| 0 eng d | ||
| 020 | _a0-8247-9147-9 | ||
| 040 | _c. | ||
| 082 | _a621.18 GAN'S | ||
| 100 |
_aGanapathy, V _968073 |
||
| 245 | _aSteam plant calculations manual | ||
| 250 | _a2ND | ||
| 260 |
_aNEWYORK _bMARCEL DEKKER _c1994 |
||
| 300 | _a427P | ||
| 942 |
_cBK _2ddc |
||
| 999 |
_c575726 _d575726 |
||